[Event "?"]
[Site "Madrid Magistral - 01"]
[Date "1996.??.??"]
[Round "?"]
[White "San Segundo, P.."]
[Black "Shirov, A.."]
[Result "0-1"]
[WhiteElo "2690"]
[BlackElo "2535"]

1. d4 d5 2. c4 c6 3. Nc3 e6 4. e4 Bb4 5. Bd2 dxc4 6. Bxc4 Nf6 7. Qe2
Qxd4 {[0:46-0:45]} 8. Nf3 Qd8 9. O-O Nbd7 10. a3 Be7 11. Rac1 O-O 12.
e5 Nd5 13. Rfd1 {[1:26-1:09]} 13... b6 14. Ne4 Bb7 15. Bd3 c5 16. Neg5
g6 17. Qe4 Re8 18. Qh4 Nf8 (18... Bxg5 {0.50 (6/23): (00:00:03)} 19.
Nxg5 Nf8 20. Bb5 Re7 21. Be3) 19. Bb5 a6 20. Bxe8 Qxe8 21. Qh6 Qa4 22.
b4 Qxa3 23. bxc5 bxc5 24. Ne4 Ne3 25. Bxe3 Bxe4 26. Bg5 Bxg5 27. Nxg5
Bd5 28. Qh4 Qb4 (28... c4 {0.22 (6/16): (00:00:02)} 29. Ne4 Nd7 30. Ra1
Qb4 31. Nf6+ Nxf6 32. Qxf6) 29. Qg3 (29. Qxb4 {0.56 (8/14): (00:00:01)}
29... cxb4 30. Rc7 a5 31. Nxf7 a4 32. Nh6+ Kh8 33. Nf7+ Kg8) 29... Rb8
30. h4 a5 31. Nh3 a4 32. Nf4 Bb3 33. Re1 Qd2 34. Qg5 Rd8 35. Rf1 Rd4
36. g3 Bc4 37. Rfe1 h5 38. Qf6 a3 39. Nh3 Nd7 40. Qd8+ Kg7 41. Ng5 a2
42. Nf3 Qd3 43. Nxd4 Qxd4 44. Rxc4 a1=Q 45. Rxa1 Qxa1+ 46. Kg2 Qa2 47.
Rf4 Qd5+ 48. Kf1 Nxe5 49. Qxd5 exd5 50. Ra4 Kf6 51. Ra5 Nd7 52. Ke2 d4
53. Kd3 Ke5 54. Kc4 Ke4 55. f4 d3 56. Kc3 Nb6 57. Ra1 Nd5+ 58. Kd2 c4
0-1

[Event "?"]
[Site "Madrid Magsitral - 01"]
[Date "1996.??.??"]
[Round "?"]
[White "Azmaiparashvili, Z.."]
[Black "Morozevich, A.."]
[Result "1/2-1/2"]
[WhiteElo "2660"]
[BlackElo "2625"]

1. c4 Nf6 2. Nf3 e6 3. d4 d5 4. Nc3 dxc4 5. e4 Bb4 6. Bg5 c5 7. Bxc4
cxd4 8. Nxd4 Bd7 (8... Bxc3+ {0.84 (6/22): (00:00:10)} 9. bxc3 Qa5 10.
Bb5+ Bd7 11. Qd3 Bxb5 12. Nxb5 Nxe4 13. Qxe4) 9. O-O Nc6 10. Rc1 a6 11.
a3 Be7 12. Nf3 Ng4 {[0:42-0:49]} 13. Bxe7 Qxe7 14. Qe2 Qf6 15. Rcd1 h5
16. h3 Nce5 (16... Nge5 {-0.53 (8/19): (00:00:05)} 17. Nxe5 Nxe5 18. Bb3
Qf4 19. Qd2 Qxd2 20. Rxd2 Rd8 21. Rfd1) 17. Nxe5 (17. hxg4 {2.38 (6/16):
(00:00:00)} 17... hxg4 18. Nxe5 Qxe5 19. f4 gxf3 20. gxf3) 17... Qxe5 {
[1:08-1:03]} 18. g3 Nf6 19. Qe3 h4 20. g4 g5 {[1:21-1:14]} 21. Rfe1 Bc6 {
[1:28-1:16]} 22. Bd5 Rc8 23. Bxc6+ Rxc6 24. Qa7 O-O 25. Qxb7 Rfc8 26.
Nd5 Kg7 27. Nb4 Rc4 28. Nd3 Qa5 29. Nb4 Qe5 30. Nd3 (30. b3 {0.78 (6/18):
(00:00:01)} 30... R8c7 31. Qxa6 Rxe4 32. Qf1 Rxe1 33. Qxe1) 30... Qa5
31. Nb4 Qe5 1/2-1/2

[Event "?"]
[Site "Madrid Magistral - 01"]
[Date "1996.??.??"]
[Round "?"]
[White "Korchnoi, V.."]
[Black "Gelfand, B.."]
[Result "1/2-1/2"]
[WhiteElo "2645"]
[BlackElo "2700"]

1. d4 d5 2. c4 e6 3. Nf3 Nf6 4. Nc3 c6 5. e3 Nbd7 6. Bd3 dxc4 7. Bxc4
b5 8. Bd3 a6 9. e4 c5 10. e5 cxd4 11. Ne4 Nd5 12. O-O h6 13. a4 b4 14.
Bc4 Bb7 15. Qxd4 Qb6 16. Rd1 Rc8 17. a5 Qxd4 18. Rxd4 Nc5 {[1:04-1:23]}
19. Nd6+ Bxd6 20. exd6 O-O 21. Bd2 {[1:11-1:26]} 21... Rfd8 22. Rc1
Rxd6 23. Bxb4 Rdc6 24. Bxd5 exd5 25. Rxd5 Rg6 26. Nh4 Bxd5 27. Nxg6
fxg6 28. Bxc5 g5 29. h3 Bb3 30. Rc3 Ba4 31. b4 Bb5 32. Rc1 Kf7 33. Rd1
Re8 34. Rd6 Re6 35. Rb6 Rxb6 36. axb6 Bc6 37. g4 g6 38. Bd4 Ke6 39. Bg7
h5 40. Bh6 hxg4 41. hxg4 Bf3 42. Kh2 Kf6 43. Kg3 Bb7 44. Bf8 Ke6
1/2-1/2

[Event "?"]
[Site "Madrid Magistral - 01"]
[Date "1996.??.??"]
[Round "?"]
[White "Salov, V.."]
[Black "Topalov, V.."]
[Result "1-0"]
[WhiteElo "2670"]
[BlackElo "2700"]

1. d4 Nf6 2. Bg5 e6 3. Nf3 h6 4. Bh4 g5 5. Bg3 Ne4 6. Nbd2 Nxg3 7. hxg3
Bg7 8. c3 d6 9. e4 a6 10. Bd3 Nd7 11. Qe2 Qe7 12. Nc4 b6 13. Ne3 Bb7
14. a4 Kf8 15. Nd2 c5 {[1:00-0:32]} 16. d5 Ne5 17. Bc2 a5 18. Bb3 Ba6
19. Ndc4 {[1:19-1:09]} 19... f5 20. Nxe5 Bxe5 21. Bc4 f4 {[1:31-1:14]}
22. gxf4 gxf4 23. Ng4 Bxc4 24. Qxc4 Bg7 25. dxe6 h5 26. Qd5 Re8 27.
Qf5+ Kg8 28. Rxh5 Rxh5 29. Qxh5 Qxe6 30. O-O-O Qxe4 31. Nh6+ Bxh6 32.
Qxh6 Re6 33. Qg5+ Kf7 34. Rh1 Rf6 35. Qg4 Qf5 36. Qf3 d5 37. Rh5 Qe4
38. Rxd5 Qxa4 39. Qh5+ Ke6 40. Qe5+ Kf7 41. Qc7+ Kg6 42. Qc8 Qa1+ 43.
Kc2 Qa4+ 44. Kc1 Qa1+ 45. Kc2 Qa4+ 46. Kd2 Qc6 47. Qg8+ Kh6 48. Qh8+
Kg6 49. Qg8+ Kh6 50. c4 Qe6 {[2:40-2:11]} 51. Qh8+ Kg6 52. Rh5 Qd7+
53. Kc1 Qe7 54. Kb1 Qe4+ 55. Ka1 Re6 56. f3 1-0

[Event "?"]
[Site "Madrid Magistral 03"]
[Date "1996.??.??"]
[Round "?"]
[White "Azmaiparashvili"]
[Black "Shirov"]
[Result "*"]
[WhiteElo "2660"]
[BlackElo "2690"]

1. d4 d5 2. c4 c6 3. Nf3 Nf6 4. Nc3 e6 5. Bg5 dxc4 6. e4 b5 7. e5 h6
8. Bh4 g5 9. Nxg5 hxg5 10. Bxg5 Nbd7 11. exf6 Bb7 12. g3 c5 13. d5 Qb6
14. Bg2 O-O-O 15. O-O b4 16. Rb1 Qa6 17. dxe6 Bxg2 18. e7 Bxf1 19. Qd5
Bh6 20. Bxh6 Bd3 21. Qa8+ Nb8 22. exd8=Q+ Rxd8 23. Re1 bxc3 24. Bf4 Qb6
25. bxc3 Bf5 26. h4 Qb7 {Novedad de Shirov, uno de los mayores
especialistas del mundo en esta linea. Veremos si sorprende a
Azmaiparashvili, que fue asesor de Kasparov en los Ctos. mundiales.
Kasparov es el mejor especialista con blancas} 27. Qxb7+ Kxb7 28. Re7+
Rd7 {tiempos 0:23-0:18} 29. Bxb8 Kxb8 30. Rxd7 Bxd7 31. Kg2 Kc7 32. Kf3
Kd6 33. Kf4 Bc6 {Todavia con ritmo trepidante (lo que demuestra que
ambos jugadores lo tenian muy bien preparado), la partida ha derivado a
un final con un resultado de probables tablas.} 34. Kg5 Bf3 35. Kf5 Kd5
36. g4 Kd6 37. h5 Kd5 38. Kf4 Bd1 39. Kg5 Bf3 40. Kf4 Bd1 41. Kg5 Bf3
42. Kf4 {Tablas. Es evidente que las blancas no pueden progresar con sus
peones en el flanco de rey.} *

[Event "?"]
[Site "Madrid Magistral 03"]
[Date "1996.??.??"]
[Round "?"]
[White "Adams"]
[Black "San Segundo"]
[Result "*"]
[WhiteElo "2660"]
[BlackElo "2535"]

1. e4 c5 2. Nf3 d6 3. d4 cxd4 4. Nxd4 Nf6 5. Nc3 Nc6 6. Bg5 e6 7. Qd2
a6 8. O-O-O h6 9. Be3 Nxd4 10. Bxd4 b5 11. f4 Be7 12. Qe3 Bb7 13. Bxf6
gxf6 14. Bd3 {Adams no ha querido repetir la misma linea que ayer
Korchnoi jugara contra Illescas, perdiendo estrepitosamente. Tiempos:
0:20-0:19} 14... Qa5 15. Kb1 b4 16. Ne2 Qc5 17. Nd4 {Mientras el negro
ha evolucionado en el flanco de dama, las blancas han deteriorado la
estructura de peones negros, lo que les proporciona mejores chances en
el centro y flanco de rey. Ligera ventaja blanca} 17... Bc6 18. Rhe1
Bd7 19. f5 e5 20. Nb3 Qxe3 21. Rxe3 {Tras el cambio de damas, la ligera
ventaja blanca persiste, aunque en menor medida. La debilidad negra de
"d5" se podria ver compensada por las columnas abiertas para las torres
y la pareja de alfiles.} 21... Rg8 22. g3 a5 23. Bc4 a4 {(Si bien ahora
es mas clara la debilidad de "d5", San segundo ha maniobrado habilmente
sobre el flanco de dama. Por otro lado, "d6" esta seguro, por lo que se
puede hablar de cierto equilibrio.} 24. Nc1 Bc6 25. Bd5 Rc8 26. b3 Bd8 $1 {
(Buena jugada de San Segundo, abriendo mejores perspectivas al alfil.
Con este movimiento la partida se iguala sensiblemente)} 27. Bxc6+ Rxc6
28. bxa4 Ke7 29. Rd5 Bb6 {(Nuestro jugador empieza a estar seriamente
apurado de tiempo)} 30. Rb3 Bc5 $6 31. Nd3 {(El domino blanco empieza a
ser claro)} 31... Ra8 32. Nxb4 Rc7 33. Rdd3 Rxa4 34. Nd5+ Kd7 35. Nxf6+
Kc6 36. a3 Rca7 37. Ka2 Rc4 38. Rbc3 Rca4 39. g4 {(Estos peones estan
destinados a decidir la partida)} 39... Rb7 40. h4 Rbb4 41. g5 hxg5
42. hxg5 Rxe4 43. g6 fxg6 44. fxg6 {(El negro no puede evitar enormes
perdidas de material, por lo tanto, abandona) (1-0)} *

[Event "?"]
[Site "Madrid Magistral 03"]
[Date "1996.??.??"]
[Round "?"]
[White "Salov"]
[Black "Illescas"]
[Result "*"]
[WhiteElo "2670"]
[BlackElo "2635"]

1. d4 f5 2. c4 Nf6 3. g3 g6 4. Bg2 Bg7 5. Nh3 d6 6. d5 c6 7. Nf4 e5 8.
dxe6 Na6 9. Nc3 Nc5 {Illescas ha planteado la agresiva Defensa
Holandesa, variante Leningrado. Su segundo, el MI F.J. Ochoa es uno de
los mayores especialistas mundiales. Tiempos: 0:31-0:08} 10. O-O O-O
11. Rb1 Nxe6 12. b4 {Se ha llegado a una posicion con ligera ventaja
blanca, debido a la mayor ventaja de espacio en el flanco de dama. No
obstante, la posicion negra encierra muchos resortes ocultos} 12... Ng4
13. Bb2 Nxf4 14. gxf4 Be6 {La partida se va definiendo: las blancas
tendran mejores perspectivas en el flanco de dama, mientras que las
negras lo haran en el flanco opouesto.} 15. h3 Nf6 16. Qd3 Qe7 17. b5
Rac8 18. bxc6 bxc6 19. Rfd1 Rfd8 {(Tras los movimientos de la apertura,
las blancas conservan una minima ventaja, que se va diluyendo poco a
poco)} 20. Ba3 Ne8 21. e3 Qf7 22. Rb4 {(Salov inicia las escaramuzas
centrales. Illescas reacciona sobre el peon aislado "c4". Si bien el
blanco mantiene cierta iniciativa no creemos que la posicion de Miguel
corra peligro alguno.)} 22... Nf6 23. Ra4 {(A partir de ahora, Salov
empezara su tipica labor de hormiga estrategica, intentando socavar poco
a poco la posicion del campeon espanol; pero parece que la posicion de
Miguel aguanta muy bien)} 23... d5 {(Ante los previsibles apuros de
tiempo de Salov, Miguel intenta apurar las acciones)} 24. cxd5 Nxd5
25. Nxd5 Bxd5 26. Ra5 Bf6 27. Bxd5 Rxd5 28. Rxd5 cxd5 29. Rd2 Qe6 30.
Bb2 Bxb2 31. Rxb2 {(El blanco parece que tiene una ligera ventaja,
basada en que el monarca negro esta peor protegido que el blanco.
Ademas, la estructura de peones del blanco es mas sana. Miguel confia en
el poco material existente)} 31... Qe4 32. Qxe4 dxe4 33. Rb7 a5 34. Ra7
Rc5 35. Kg2 h6 36. Kg3 Kf8 37. a3 Kg8 38. Kh2 Kf8 39. Kg2 Kg8 40. Kg3
Kf8 {(Con apuros, Salov a pasado el control de tiempos. No parece que
haya sido una buena idea simplificar. Pero Salov es uno de los mejores
finalistas del mundo, y los finales de torres estan llenos de sutilezas)}
41. h4 h5 42. Kg2 Kg8 43. a4 {(Si bien parece que el final puede ser
tablas, Salov a buen seguro que porfiara en pos de la victoria)} 43...
Kf8 44. Kf1 Rc1+ 45. Ke2 Rc2+ {(Los comentarios en la sala de prensa
apuntan a que la partida es tablas, pero...)} 46. Ke1 Rc1+ 47. Kd2 Rc5
48. Kd1 Kg8 49. Kd2 {(Y ambos jugadores acuerdan tablas. Despues de
pensar un poco, Salov se convence de las nulas posibilidades de
victoria. Un magnifico resultado para Miguel Illescas que se afianza en
cabeza)} *

[Event "?"]
[Site "Madrid Magistral 03"]
[Date "1996.??.??"]
[Round "?"]
[White "Topalov"]
[Black "Gelfand"]
[Result "*"]
[WhiteElo "2700"]
[BlackElo "2700"]

1. e4 c5 2. Nf3 d6 3. d4 cxd4 4. Nxd4 Nf6 5. Nc3 a6 6. Be3 e5 7. Nb3
Be6 8. f3 Nbd7 9. g4 b5 10. g5 Nh5 {Gelfand ha planteado la variante
Najdorf de la Defensa Siciliana. A esto, Topalov responde con el
super-agresivo Ataque Ingles.} 11. a4 bxa4 12. Rxa4 Be7 13. Nd5 {
Tiempos 0:29-0:11} 13... Bxg5 $5 {Intersante entrega de calidad, lo que
parece una novedad en esta posicion. A cambio de la calidad Gelfand
tiene chances de contrajuego en el flanco de rey. Se puede considerar
una entrega posicional.} 14. Bxg5 Qxg5 15. Nc7+ Ke7 16. Nxa8 Qh4+ 17.
Kd2 Qg5+ 18. Ke1 Qh4+ 19. Kd2 Qg5+ 20. Ke1 {Tablas. Al final, todo quedo
en una escaramuza para firmar la paz. (0,5-0,5)} *

[Event "?"]
[Site "Madrid Magistral 05"]
[Date "1996.??.??"]
[Round "?"]
[White "Adams, Mi"]
[Black "Shirov, Al"]
[Result "1/2-1/2"]
[WhiteElo "2660"]
[BlackElo "2690"]

1. e4 e5 2. Nf3 Nc6 3. Bb5 a6 4. Ba4 Nf6 5. O-O b5 6. Bb3 Bc5 7. d3 O-O
8. a4 Rb8 9. Nbd2 d6 10. c3 {(Ha quedado planteda la variante Arkangel
contra la Ruy Lopez. Esta variante tiene fama de agresiva, y mas en
manos de Shirov. Por eso, Adams no ha querido entrar en las lineas
principales con 7.d4)} 10... Bb6 11. h3 Nh5 12. axb5 axb5 13. Re1 Nf4
14. Nf1 Qf6 {(Las negras preparan sus efectivos en el flanco de rey)}
15. Be3 Ne7 16. N1h2 c5 {(La partida sigue un curso lento, mas propio de
una italiana que de una Ruy Lopez, Arkangel. esto se ve reflejado en los
tiempos de ambos jugadores que pronto se veran apremiados por el tiempo)}
17. Ng4 Qg6 18. Nh4 Qg5 19. Nf3 Qg6 {(Y tablas por "jaque perpetuo a la
Dama negra") 0-5-0-5} 1/2-1/2

[Event "?"]
[Site "Madrid Magistral 05"]
[Date "1996.??.??"]
[Round "?"]
[White "Salov, Va"]
[Black "San Segundo, Pa"]
[Result "1-0"]
[WhiteElo "2670"]
[BlackElo "2535"]

1. c4 e6 2. g3 d5 3. Bg2 Nf6 4. d4 c6 5. Nf3 Bb4+ 6. Bd2 Be7 7. Qc2 O-O
8. O-O Nbd7 9. Bf4 Nh5 10. Bc1 f5 11. b3 b5 12. cxd5 cxd5 13. Qc6 {(La
posicion sobre el tablero es tipica de los esquemas de la variante
cerrada de la Apertura Catalana. Las negras tendran una posicion solida
pero restringida, lo que da al blanco una ligera ventaja inicial)}
13... Qb6 {(San Segundo ofrece la torre de "a8", porque si Dxa8,
seguiria Ab7, cazando la Dama blanca y cambiandola por las dos torres
negras)} 14. Qxa8 Nb8 15. Bd2 {(Una posicion muy interesante. San
Segundo no se conforma con cambiar la Dama blanca por sus dos torres,
sino que pretende conseguir D por T+A)} 15... Bb7 16. Ba5 Qa6 17. Qxb8
Rxb8 18. b4 {(La brillante estrategia de San Segundo ha tenido exito.
Salov ha perdido material y se puede considerar que esta perdido. Pero
Salov es un jugador tenaz y sin duda luchara hasta el final)} 18... Bd8
19. Bxd8 Rxd8 20. Nbd2 Qd6 21. a3 Nf6 22. Nb3 Nd7 23. Nc5 Bc6 24. Nxd7
Bxd7 25. Rfc1 Rc8 26. Rc5 Rxc5 27. dxc5 Qc7 28. Nd4 Bc6 29. Rd1 Kf7
30. f4 {(salov esta construyendo su "bunker". Ahora parece muy dificil
que San Segundo pueda progresar abriendo las lineas suficientes como
para imponer su ventaja material. Parecen tablas)} 30... Ke7 31. Rd3
Kf6 32. h4 a6 33. Kf2 {(Parece que el negro no puede hacer ningun
progreso. Casi diriamos que es el blanco quien tiene a su disposicion
mayores perspectivas, lo que tampoco parece sencillo, dada la desventaja
de material)} 33... Be8 34. Re3 Bd7 35. Bf3 g6 36. Re5 Qa7 {(Para jugar
a5 y poder salir de la "jaula" que Salov esta construyendo alrededor de
la posicion de San Segundo. Ahora empieza a verse que son las blancas
quienes tienen mejores perspectivas)} 37. Nb3 {(Pero Salov no lo
permite)} 37... Bc8 38. g4 {(iniciando la ofensiva para intentar quebrar
la posicion blanca)} 38... h6 39. g5+ hxg5 40. hxg5+ Kf7 41. Bg2 Qc7
42. Kg3 Bd7 43. Re3 Qa7 44. Rd3 {(Tampoco se ve un plan muy claro para
las blancas. Probablemente, romper en algun sitio ("e4") o avanzar "c6"
para intentar entrar en la posicion. En estas posiciones bloqueadas hay
que vigilar las rupturas)} 44... Qa8 45. e3 Ke7 {(Parece que el blanco
no puede entrar. Es el problema de algunas partidas de Salov: obtiene
ventajas cuya explotacion dependen de factores muy sutiles, y a veces no
es suficiente para ganar, a pesar de su gran tecnica)} 46. Rd2 Qh8 47.
Nd4 Kd8 48. Rd1 Kc7 49. Rh1 Qg7 50. Rh6 {(Parece Salov ha hecho
progresos: ha invadido la columna "h" y planea majorar la posicion de su
cabalo via "f3". Pero necesitaria algo mas para garnar esta partida ...)}
50... Qg8 51. Nf3 Be8 52. Ne5 Qg7 53. Bf3 Qg8 54. Be2 Kb7 55. Rh1 Qg7
56. Kf2 Bc6 57. Bf3 Kc7 58. Ke2 Be8 59. Kd2 Bc6 60. Kc2 Be8 61. Rh6 Qg8
62. Be2 Kb7 63. Kb2 Qg7 64. Bd3 Ka7 {(Ahora los jugadores disponen de 30
m. a finish, con lo que suponemos que Salov habra dejado para este
momento su cartucho final)} 65. Bc2 Kb7 66. Rh1 Bc6 67. Rh2 Be8 68. Bd1
Ka7 69. Rh6 Kb7 70. Rh1 Bc6 71. Rh2 Be8 72. a4 bxa4 73. Ka3 a5 74. Bxa4
axb4+ 75. Kxb4 Bxa4 76. Kxa4 Qg8 77. Kb5 Kc7 78. Nc6 Qg7 79. Ra2 Qc3
80. Ra7+ Kc8 81. Ne5 d4 82. Kc6 Kd8 83. Kd6 Kc8 84. Nc6 {(Al final no
pudo ser, Pablo cayo ante Salov. Las ultimas jugadas, hechas a finish
entre apuros de tiempo fueron muy emocionantes, y demuestran que Salov
aguardaba hsta el final) 1-0} 1-0

[Event "?"]
[Site "Madrid Magistral 05"]
[Date "1996.??.??"]
[Round "?"]
[White "Gelfand, Bo"]
[Black "Illescas, Mi"]
[Result "0-1"]
[WhiteElo "2700"]
[BlackElo "2635"]

1. d4 Nf6 2. Nf3 e6 3. c4 Bb4+ 4. Nbd2 b6 5. a3 Bxd2+ 6. Qxd2 Bb7 7. e3
O-O 8. Be2 d6 9. O-O Nbd7 10. b4 Ne4 11. Qd3 f5 12. Bb2 Rf6 13. d5 Rg6
14. dxe6 Nf8 15. c5 Nxe6 16. cxd6 cxd6 {(La partida mas importante de la
ronda 5 entre los 2 lideres. Miguel ha planteado una lucha sin cuartel
en pos del rey blanco. Y eso a pesar de la fama de la defensa Bogoindia
de tranquila !} 17. Rad1 {(Por el tiempo que lleva consumido Gelfand
(1:08) pensamos que Miguel le ha sorprendido plenamente y no parece
estar muy comodo en esta posicion. Gran acierto de Illescas)} 17... Kh8
18. Ne1 N6g5 {(Preparando una combinacion de ataque sobre el enroque de
Gelfand)} 19. Kh1 Nh3 $1 {(Fulminante. Ante el estupor y contento
general del publico, Gelfand abandona. Gran partida de Miguel Illescas,
que sorprendio completamente a un Gelfand muy desdibujado) 0-1} 0-1

[Event "?"]
[Site "Madrid Magistral 06"]
[Date "1996.??.??"]
[Round "?"]
[White "Shirov, Al"]
[Black "Illescas, Mi"]
[Result "1/2-1/2"]
[WhiteElo "2690"]
[BlackElo "2635"]

1. e4 c5 2. Nf3 Nc6 3. Bb5 g6 4. O-O Bg7 5. Re1 e5 6. Bxc6 dxc6 7. d3 {
(Ha quedado planteada la variante Rossolimo contra la Defensa Siciliana.
En esta ocasion, Shirov ha optado por una continuacion que recuerda la
variante del cambio de la Ruy Lopez)} 7... Qc7 8. Be3 b6 9. a3 Nf6 10.
b4 cxb4 11. axb4 O-O 12. h3 Nh5 {(Miguel quiere romper en "f5" para
contrarestar la presion en el flanco de dama. Por otro lado debe
intentar liberar el juego a sus alfiles, por lo que todo lo que sea
atacar es bueno para el)} 13. Nc3 Nf4 14. Bxf4 exf4 15. Qd2 {(Nos husta
la posicion de Miguel Illescas: pareja de alfiles con espacio para
evolucionar. No cabe duda que la posicion negra es muy comoda)} 15...
h6 16. e5 g5 17. d4 Bf5 18. Ne4 Rad8 19. Nd6 Be6 {(Shirov ha movilizado
muy bien su centro y ha instalado un fuerte caballo en "d6" lo que ha
equilibrado sensiblemente las acciones)} 20. c4 {(Shirov esta
presionando muy bien. Miguel tebdra que tomar medidas, ante la presion
central del blanco)} 20... Rxd6 21. exd6 Qxd6 22. c5 bxc5 23. bxc5 Qd5
24. Qc3 Rd8 25. Ra4 Bf6 26. Ne5 Bxe5 27. Rxe5 Qb3 28. Qxb3 Bxb3 29. Ra6 {
(La posicion de Miguel se esta tornando critica, ya que parece que no
tiene suficiente compensacion por la calidad)} 29... Rxd4 30. Rxc6 Kg7
31. Ra6 Rd1+ 32. Kh2 Be6 33. Rxa7 Kf6 34. Re2 Rc1 35. Rc7 h5 36. f3 Kf5
37. Rd2 g4 38. hxg4+ hxg4 39. fxg4+ Kxg4 40. c6 Kf5 {(Tras lo apuros de
tiempo, creemos que Miguel esta perdido. Pero quizas la realizacion
tecnica no sea muy sencilla)} 41. Re2 Kg4 42. Rb2 Rc5 43. Rb4 Rc2 44.
Rd4 Kf5 45. Kg1 {(Segun algunos expertos de la Sala de Prensa, Shirov
podria tener muchos problemas para imponerse en esta posicion. Esto da
una idea de las dificultades de este tipo de finales)} 45... Ke5 46.
Rd1 Kf5 47. Ra7 Rxc6 48. Ra5+ Kg4 49. Rd8 Bf5 50. Rd4 {(Shirov intenta
quebrar la resistencia de Miguel entregando el que parecia
importantisimo peon de "c6"!. Sigue sin haber acuerdo entre los
expertos. El final es ciertamente dificil)} 50... Rc1+ 51. Kh2 Bg6 52.
Ra3 Rf1 53. Rg3+ Kf5 54. Rf3 Rxf3 55. gxf3 Ke5 56. Rb4 {(Shirov ha
conseguido cambiar la molesta torre negra. Quizas ahora el blanco pueda
realizar algun progreso, aunque lo escaso del material lo hace
igualmente dificil)} 56... Bf5 57. Rb5+ Kf6 58. Kg2 Be6 59. Kf2 Kg6
60. Re5 Kf6 61. Ra5 Bf5 62. Ke2 Bg6 63. Kd2 Ke6 64. Kc3 Kf6 65. Kd4 Ke6
66. Ra6+ Kf5 67. Rc6 Bh7 68. Kd5 Bg6 {(Uno de los mayores peligros que
debe afrontar Miguel a estas alturas es el del agobio de saber que
tienes menos de 30 m. para el resto de la partida. Este puede ser un
factor clave si sirgen complicaciones)} 69. Kd6 Bh5 70. Rc5+ Kg6 71.
Rc3 Kf5 72. Kd5 Bg6 73. Rc1 Bh5 74. Rf1 Bg6 75. Rh1 Kf6 76. Kd6 Bd3 {(Y
despues de una maratoniana partida, en la que mas de uno se preguntara
si Shirov pudo haber ganado, ambos jugadores han firmado las tablas.
0,5-0,5)} 1/2-1/2